[Event "European Championship (rapid) 2015"]
[Site "Minsk BLR"]
[Date "2015.12.19"]
[Round "3"]
[White "Shtembuliak, Evgeny"]
[Black "Melkumyan, Hrant"]
[Result "0-1"]
[WhiteElo "2420"]
[BlackElo "2654"]
[PlyCount "118"]
[EventDate "2015.12.19"]

1. Nf3 g6 2. g3 Bg7 3. c4 c5 4. Bg2 Nc6 5. Nc3 Nf6 6. O-O O-O 7. d4 cxd4 8.
Nxd4 d6 9. Nxc6 bxc6 10. Bxc6 Rb8 11. Bg2 Qa5 12. Nb5 Bb7 13. Bxb7 Rxb7 14. Bd2
Qa6 15. b3 d5 16. Be3 Rc8 17. Qd3 dxc4 18. bxc4 Ng4 19. Rac1 Nxe3 20. Qxe3 Qxa2
21. Qe4 Qa6 22. Rfd1 Bf6 23. h4 h5 24. Rb1 Kg7 25. Rb3 Qc6 26. Qxc6 Rxc6 27.
Ra3 a6 28. Nc3 Rxc4 29. Nd5 Rd7 30. Rdd3 Bd4 31. Nf4 e5 32. Nh3 e4 33. Rd1 Ra7
34. e3 Bc5 35. Ra5 Bb4 36. Ra4 a5 37. Nf4 Rac7 38. Nd5 Rd7 39. Raa1 Rb7 40. Kg2
Rb5 41. Ra2 Bf8 42. Nf4 a4 43. Rd7 Rb6 44. Nd5 Rb1 45. g4 hxg4 46. Nc7 Kg8 47.
Nd5 Kg7 48. Nc7 Kf6 49. Rad2 Rb8 50. Nd5+ Kg7 51. Nf4 Bb4 52. R2d5 Rcc8 53.
Ne6+ Kg8 54. Ng5 Rf8 55. h5 a3 56. hxg6 fxg6 57. Ra7 Ra8 58. Rb7 a2 59. Rd1 Bc3
0-1

[Event "European Championship (rapid) 2015"]
[Site "Minsk BLR"]
[Date "2015.12.19"]
[Round "4"]
[White "Melkumyan, Hrant"]
[Black "Ivanov, Alexander Al"]
[Result "1-0"]
[WhiteElo "2654"]
[BlackElo "2397"]
[PlyCount "59"]
[EventDate "2015.12.19"]

1. e4 d6 2. d4 e5 3. Nf3 Nc6 4. Bb5 Bd7 5. O-O Be7 6. d5 Nb8 7. Bxd7+ Nxd7 8.
c4 h6 9. Nc3 Bg5 10. Nxg5 hxg5 11. Qg4 f6 12. Be3 a6 13. b4 Qe7 14. Rfc1 Nh6
15. Qe2 g6 16. c5 f5 17. c6 bxc6 18. dxc6 Nf8 19. Nd5 Qd8 20. f3 f4 21. Bf2 Ng8
22. a4 Ne6 23. b5 axb5 24. axb5 Rxa1 25. Rxa1 Nf6 26. Nxf6+ Qxf6 27. b6 cxb6
28. Ra8+ Kf7 29. Ra7+ Kg8 30. Qc4 1-0

[Event "European Championship (rapid) 2015"]
[Site "Minsk BLR"]
[Date "2015.12.19"]
[Round "5"]
[White "Rakhmanov, Aleksandr"]
[Black "Melkumyan, Hrant"]
[Result "0-1"]
[WhiteElo "2640"]
[BlackElo "2654"]
[PlyCount "144"]
[EventDate "2015.12.19"]

1. c4 g6 2. Nc3 c5 3. g3 Bg7 4. Bg2 Nc6 5. Nf3 Nf6 6. d4 cxd4 7. Nxd4 O-O 8.
O-O d6 9. Nc2 Be6 10. b3 Qc8 11. Bb2 Bh3 12. Ne3 Rd8 13. Qd2 Bxg2 14. Kxg2 Qe6
15. Ned5 Rac8 16. Rad1 h5 17. h3 Kh7 18. Nxf6+ Qxf6 19. Qe3 Qe5 20. Qf3 Qf6 21.
Qd5 e6 22. Qd2 Qf5 23. e4 Qa5 24. Rc1 a6 25. Rfd1 Bh6 26. f4 Bg7 27. Na4 Qxd2+
28. Rxd2 Bxb2 29. Nxb2 e5 30. Nd3 Re8 31. Re1 Kg7 32. Rf2 Nd4 33. Nb4 exf4 34.
gxf4 b5 35. cxb5 axb5 36. Rd2 Ne6 37. Kf3 Rc3+ 38. Re3 Rc1 39. Ree2 Rh1 40. Rh2
Nd4+ 41. Ke3 Re1+ 42. Kxd4 R1xe4+ 43. Kc3 Rc8+ 44. Kd3 Rxb4 45. Rhf2 Rc5 46.
Ke3 d5 47. Rc2 Re4+ 48. Kf3 Rxc2 49. Rxc2 Rd4 50. Rc5 Rd3+ 51. Kg2 b4 52. Rb5
Rd4 53. Kf3 Kf6 54. Ke3 Re4+ 55. Kf3 Ke6 56. h4 f6 57. Ra5 Rd4 58. Ke3 Re4+ 59.
Kf3 Re1 60. Ra4 Rf1+ 61. Ke3 d4+ 62. Ke4 f5+ 63. Kd3 Rf3+ 64. Kc4 Rxf4 65. Ra6+
Ke5 66. Kxb4 Rxh4 67. Rxg6 f4 68. a4 f3 69. Rg1 Ke4 70. Re1+ Kd3 71. a5 f2 72.
Ra1 Rf4 0-1

[Event "European Championship (rapid) 2015"]
[Site "Minsk BLR"]
[Date "2015.12.19"]
[Round "6"]
[White "Melkumyan, Hrant"]
[Black "Mikhalevski, Victor"]
[Result "1-0"]
[WhiteElo "2654"]
[BlackElo "2535"]
[PlyCount "79"]
[EventDate "2015.12.19"]

1. d4 Nf6 2. Nf3 g6 3. Bg5 Bg7 4. Nbd2 O-O 5. c3 d5 6. e3 Nbd7 7. Be2 Re8 8.
O-O c6 9. h3 e5 10. Rc1 a5 11. c4 h6 12. Bh4 exd4 13. Nxd4 Nb6 14. cxd5 Nbxd5
15. Nc4 g5 16. Bg3 Ne4 17. Bh2 f5 18. Bh5 Re7 19. Bf3 a4 20. Bxe4 Rxe4 21. Nd6
Rxd4 22. exd4 f4 23. Nxc8 Qxc8 24. Qd3 Qf8 25. a3 Qf6 26. Rcd1 Re8 27. Rfe1 Rd8
28. Re4 Qg6 29. Rde1 Kh7 30. Qf3 Qf5 31. g4 Qg6 32. h4 Rd7 33. h5 Qf7 34. Re8
Bf8 35. Ra8 Kg7 36. Ree8 Bd6 37. Rg8+ Qxg8 38. Rxg8+ Kxg8 39. Qe4 Rf7 40. Qg6+
1-0

[Event "European Championship (rapid) 2015"]
[Site "Minsk BLR"]
[Date "2015.12.19"]
[Round "1"]
[White "Ponkratov, Pavel"]
[Black "Zuiderweg, Hiddo"]
[Result "1-0"]
[WhiteElo "2604"]
[BlackElo "1920"]
[PlyCount "36"]
[EventDate "2015.12.19"]

1. e4 e6 2. d4 d5 3. Bd3 Nf6 4. e5 Nfd7 5. f4 c5 6. Nf3 Nc6 7. c3 Qa5 8. Nbd2
b5 9. O-O b4 10. c4 Ba6 11. Nb3 Qb6 12. cxd5 exd5 13. Bxa6 Qxa6 14. dxc5 Nxc5
15. Be3 Qd3 16. Bxc5 Qxd1 17. Rfxd1 Rd8 18. Rac1 Nb8 1-0

[Event "European Championship (rapid) 2015"]
[Site "Minsk BLR"]
[Date "2015.12.19"]
[Round "2"]
[White "Vicas, Marijus"]
[Black "Ponkratov, Pavel"]
[Result "0-1"]
[WhiteElo "2003"]
[BlackElo "2604"]
[PlyCount "166"]
[EventDate "2015.12.19"]

1. e4 e6 2. d3 d5 3. Nd2 Nf6 4. g3 dxe4 5. dxe4 e5 6. Bg2 Bc5 7. Ngf3 Nc6 8.
O-O O-O 9. c3 a5 10. Qc2 b6 11. Nc4 Ng4 12. Bg5 Qe8 13. h3 Ba6 14. hxg4 Bxc4
15. Rfe1 Qe6 16. b3 Ba6 17. Nh2 f6 18. Be3 Bxe3 19. Rxe3 Rfd8 20. Bf1 Bxf1 21.
Kxf1 a4 22. Rd1 axb3 23. axb3 Na5 24. b4 Nc4 25. Red3 Rxd3 26. Qxd3 Nd6 27. Kg2
h6 28. Nf1 Qxg4 29. Qd5+ Kh7 30. f3 Qc8 31. Ne3 Ra3 32. Rd3 Ra1 33. g4 Qe8 34.
Nf5 Nxf5 35. exf5 Qa4 36. Rd2 Qe8 37. Qe6 Qxe6 38. fxe6 Ra8 39. Rd7 Re8 40.
Rxc7 Rxe6 41. b5 Kg6 42. Rc6 Kf7 43. Rc7+ Kf8 44. Kf2 e4 45. fxe4 Rxe4 46. Kf3
Re6 47. c4 Rd6 48. Ke4 g6 49. Rh7 Re6+ 50. Kf4 Re1 51. Rxh6 Kg7 52. Rh3 Rc1 53.
Rb3 Rxc4+ 54. Kf3 Kh6 55. Rd3 Rb4 56. Rd5 Kg7 57. Rd7+ Kf8 58. Rd6 Rxb5 59.
Rxf6+ Kg7 60. Rc6 Kh6 61. Kf4 Rb4+ 62. Kg3 Kg5 63. Kh3 Rb3+ 64. Kh2 b5 65. Rb6
Rb1 66. Kg3 Rb2 67. Kh3 Rb4 68. Kh2 Kxg4 69. Rxg6+ Kf3 70. Rb6 Rb2+ 71. Kg1 b4
72. Rb8 b3 73. Rb7 Rb1+ 74. Kh2 Ke3 75. Kg2 Kd3 76. Kf2 Kc2 77. Ke2 Rh1 78.
Rc7+ Kb1 79. Kd2 b2 80. Rd7 Rh8 81. Rd6 Ra8 82. Rb6 Ka1 83. Kc2 Rc8+ 0-1

[Event "European Championship (rapid) 2015"]
[Site "Minsk BLR"]
[Date "2015.12.19"]
[Round "3"]
[White "Ponkratov, Pavel"]
[Black "Martynov, Roman"]
[Result "1-0"]
[WhiteElo "2604"]
[BlackElo "2284"]
[PlyCount "112"]
[EventDate "2015.12.19"]

1. d4 Nf6 2. c4 e6 3. g3 Bb4+ 4. Bd2 Qe7 5. Bg2 Nc6 6. e3 Bxd2+ 7. Qxd2 d6 8.
Nc3 O-O 9. Nge2 e5 10. O-O Re8 11. Rac1 e4 12. Nd5 Qd8 13. Nec3 Bf5 14. Qc2 Bg6
15. Nf4 Bf5 16. Nfd5 Bg6 17. a3 a6 18. Bh1 h6 19. Rfe1 Rc8 20. Bg2 Rb8 21.
Nxf6+ Qxf6 22. Nxe4 Qe7 23. f3 Bxe4 24. fxe4 Qg5 25. b4 Ne7 26. Qf2 Ng6 27. Rf1
Re7 28. c5 Rbe8 29. Rc3 h5 30. Qf5 Qh6 31. h4 Nf8 32. Qd5 Qg6 33. Qg5 Qxg5 34.
hxg5 g6 35. e5 dxe5 36. Bxb7 exd4 37. exd4 Ne6 38. d5 Nxg5 39. Bxa6 Re3 40.
Rfc1 h4 41. gxh4 Nh3+ 42. Kh2 Nf4 43. d6 cxd6 44. cxd6 Rxc3 45. Rxc3 Rd8 46.
Rc8 Rxc8 47. Bxc8 Kf8 48. Kg3 Nd5 49. Kf3 Nb6 50. Ba6 f6 51. Bb5 Kf7 52. Ke4
Ke6 53. d7 Ke7 54. a4 Na8 55. Bc6 Nb6 56. a5 Nc4 1-0

[Event "European Championship (rapid) 2015"]
[Site "Minsk BLR"]
[Date "2015.12.19"]
[Round "4"]
[White "Sivuk, Vitaly"]
[Black "Ponkratov, Pavel"]
[Result "0-1"]
[WhiteElo "2552"]
[BlackElo "2604"]
[PlyCount "78"]
[EventDate "2015.12.19"]

1. d4 Nf6 2. c4 e6 3. Nf3 c5 4. d5 exd5 5. cxd5 g6 6. Nc3 Bg7 7. Bf4 O-O 8. e3
d6 9. h3 Na6 10. Be2 Nc7 11. O-O Re8 12. Qb3 a6 13. a4 Rb8 14. a5 Ne4 15. Rfd1
g5 16. Bh2 f5 17. Nd2 Nxc3 18. bxc3 f4 19. Bh5 Rf8 20. Nc4 Nb5 21. Rac1 Qf6 22.
e4 Qh6 23. Bg4 Bxg4 24. hxg4 Qh4 25. f3 h5 26. gxh5 g4 27. fxg4 f3 28. Ne3 Bh6
29. Nf5 Rxf5 30. gxf5 Be3+ 31. Kh1 fxg2+ 32. Kxg2 Qxe4+ 33. Kh3 Qf3+ 34. Bg3
Qxh5+ 35. Kg2 Qe2+ 36. Kh3 Kf7 37. Qa4 Rh8+ 38. Bh4 Qf3+ 39. Kh2 Bf4+ 0-1

[Event "European Championship (rapid) 2015"]
[Site "Minsk BLR"]
[Date "2015.12.19"]
[Round "5"]
[White "Ponkratov, Pavel"]
[Black "Aleksandrov, Aleksej"]
[Result "0-1"]
[WhiteElo "2604"]
[BlackElo "2615"]
[PlyCount "122"]
[EventDate "2015.12.19"]

1. d4 Nf6 2. c4 e6 3. Nc3 d5 4. Nf3 Bb4 5. g3 dxc4 6. Bg2 Nd5 7. O-O Nxc3 8.
bxc3 Bxc3 9. Rb1 O-O 10. Qc2 Ba5 11. Ng5 g6 12. Qxc4 Bb6 13. Rd1 Nd7 14. d5 e5
15. Ne6 Bxf2+ 16. Kh1 Nb6 17. Rxb6 Bxe6 18. Rb2 c6 19. e3 cxd5 20. Qf1 Bxg3 21.
hxg3 Rc8 22. Rbd2 Qg5 23. Qf2 Rfd8 24. Bb2 Rc5 25. Kg1 b6 26. Rf1 Rdc8 27. a3
h6 28. Bf3 f6 29. Bd1 Bh3 30. Re1 Bf5 31. Bf3 Be6 32. Qg2 Kg7 33. Kh2 h5 34.
Qf2 h4 35. g4 Rc4 36. Rg1 R8c7 37. Bxd5 Bxd5 38. Rxd5 Re4 39. Rd6 Rf7 40. Rd3
Rxg4 41. Rdd1 Rc7 42. Rxg4 Qxg4 43. Rf1 Kh7 44. Rg1 Qe4 45. Rg2 Kg7 46. Kh3 g5
47. Kh2 Kg6 48. Qe2 Rc4 49. Qd2 g4 50. Qd7 g3+ 51. Kh1 Qb1+ 52. Rg1 Qe4+ 53.
Rg2 Kg5 54. Qf7 Qb1+ 55. Rg1 Qe4+ 56. Rg2 Rc8 57. Qd7 Rg8 58. Qe6 Rg6 59. Qh3
f5 60. Bc1 Rc6 61. Bd2 Rd6 0-1

[Event "European Championship (rapid) 2015"]
[Site "Minsk BLR"]
[Date "2015.12.19"]
[Round "6"]
[White "Putka, Verners"]
[Black "Ponkratov, Pavel"]
[Result "0-1"]
[WhiteElo "2307"]
[BlackElo "2604"]
[PlyCount "70"]
[EventDate "2015.12.19"]

1. d4 Nf6 2. Nc3 d5 3. Bf4 a6 4. Qd2 c5 5. e3 Nc6 6. Nf3 cxd4 7. Nxd4 e6 8. a3
Be7 9. Be2 O-O 10. O-O Bd7 11. Rfd1 Rc8 12. Nxc6 Bxc6 13. Bf3 Qb6 14. Be5 Rfd8
15. Qd4 Qxd4 16. Bxd4 Nd7 17. e4 dxe4 18. Nxe4 f5 19. Nc3 Bxf3 20. gxf3 Kf7 21.
Kf1 g5 22. Ne2 Rc7 23. Bc3 Rdc8 24. Ba5 b6 25. Bc3 Nf8 26. Rd3 Ng6 27. Rad1 Nh4
28. f4 g4 29. h3 Rg8 30. Re3 h5 31. Ng3 Bc5 32. Red3 gxh3 33. Nxh5 Rg2 34. Rxh3
Rxf2+ 35. Ke1 Ng2# 0-1

[Event "European Championship (rapid) 2015"]
[Site "Minsk BLR"]
[Date "2015.12.19"]
[Round "7"]
[White "Ponkratov, Pavel"]
[Black "Razin, Vadim"]
[Result "0-1"]
[WhiteElo "2604"]
[BlackElo "2345"]
[PlyCount "52"]
[EventDate "2015.12.19"]

1. d4 d5 2. c4 dxc4 3. Nf3 Nf6 4. Nc3 c5 5. d5 e6 6. e4 exd5 7. e5 Ne4 8. Qxd5
Nxc3 9. Qxd8+ Kxd8 10. bxc3 Be6 11. Ng5 Nc6 12. Nxe6+ fxe6 13. f4 Na5 14. g3
Kc7 15. Bh3 Re8 16. Be3 b5 17. O-O-O b4 18. Kc2 Nc6 19. Rd2 bxc3 20. Kxc3 Nb4
21. Kxc4 Nd5 22. Bf2 g5 23. fxg5 Be7 24. Bxe6 Nb6+ 25. Kb5 a6+ 26. Kxa6 Kc6 0-1

[Event "European Championship (rapid) 2015"]
[Site "Minsk BLR"]
[Date "2015.12.19"]
[Round "1"]
[White "Barchuk, Irina"]
[Black "Riazantsev, Alexander"]
[Result "0-1"]
[WhiteElo "2044"]
[BlackElo "2646"]
[PlyCount "90"]
[EventDate "2015.12.19"]

1. e4 e6 2. d4 d5 3. Nc3 Bb4 4. e5 Ne7 5. a3 Bxc3+ 6. bxc3 b6 7. h4 Ba6 8. Bd3
c5 9. Qg4 Bxd3 10. cxd3 Nf5 11. Ne2 h5 12. Qf4 Nc6 13. a4 Qc7 14. Ba3 cxd4 15.
cxd4 Ncxd4 16. Rc1 Nc6 17. O-O Kd7 18. Bd6 Nxd6 19. exd6 Qxd6 20. Qxf7+ Qe7 21.
Qf4 Qf6 22. Qg3 Rac8 23. Nf4 Nd4 24. Rxc8 Rxc8 25. Nxh5 Ne2+ 26. Kh2 Nxg3 27.
Nxf6+ gxf6 28. fxg3 Ke7 29. a5 b5 30. a6 b4 31. Rb1 Rb8 32. Rb3 Kd6 33. g4 Kc5
34. Kg3 Kb5 35. Kf4 Kxa6 36. g5 fxg5+ 37. Kxg5 Kb5 38. g4 a5 39. h5 a4 40. Rb1
a3 41. Ra1 Ka4 42. h6 b3 43. h7 b2 44. Rb1 Kb3 45. Kh6 a2 0-1

[Event "European Championship (rapid) 2015"]
[Site "Minsk BLR"]
[Date "2015.12.19"]
[Round "2"]
[White "Riazantsev, Alexander"]
[Black "Kuzmin, Egor"]
[Result "1-0"]
[WhiteElo "2646"]
[BlackElo "2250"]
[PlyCount "69"]
[EventDate "2015.12.19"]

1. d4 g6 2. c4 Bg7 3. e4 d6 4. Nc3 Nc6 5. Be3 e5 6. d5 Nce7 7. Qd2 f5 8. f3 Nf6
9. O-O-O O-O 10. h3 b6 11. g4 f4 12. Bf2 h6 13. h4 Nd7 14. Kb1 a5 15. Nge2 Nc5
16. Nc1 Ba6 17. b3 Qb8 18. g5 h5 19. a3 Bc8 20. Bh3 Bxh3 21. Rxh3 Qb7 22. Rh2
Ra6 23. b4 axb4 24. axb4 Nd7 25. Nb3 Rfa8 26. Kb2 Bf8 27. Rhh1 Nc8 28. Rb1 R8a7
29. Qd3 Ra8 30. Rhd1 Qa7 31. Qf1 Qb7 32. Qh3 c5 33. dxc6 Qa7 34. Qe6+ Kh8 35.
Ra1 1-0

[Event "European Championship (rapid) 2015"]
[Site "Minsk BLR"]
[Date "2015.12.19"]
[Round "3"]
[White "Bulanov, Dmitri"]
[Black "Riazantsev, Alexander"]
[Result "0-1"]
[WhiteElo "2369"]
[BlackElo "2646"]
[PlyCount "151"]
[EventDate "2015.12.19"]

1. f4 d5 2. Nf3 g6 3. g3 c6 4. Bg2 Qb6 5. Nc3 Bg7 6. e3 Nd7 7. O-O Nh6 8. Kh1
O-O 9. d3 f5 10. e4 e6 11. Qe2 Nf7 12. e5 c5 13. Nd1 Qc7 14. Nf2 b5 15. c3 a5
16. a3 Bb7 17. Be3 Rfc8 18. Rfc1 Bf8 19. g4 Ra6 20. h4 Nh6 21. g5 Nf7 22. h5
Be7 23. Kg1 Qb8 24. Nh4 Nf8 25. Nh1 b4 26. axb4 cxb4 27. Ng3 a4 28. cxb4 Bxb4
29. Rxc8 Qxc8 30. hxg6 hxg6 31. Rc1 Rc6 32. Rxc6 Qxc6 33. Nf3 Ba6 34. Nd4 Qc8
35. Qd1 Bc5 36. Bf1 Qd7 37. Qc1 Ba7 38. Kf2 Nd8 39. Qc3 Qb7 40. Nge2 Nd7 41.
Nc2 Nc6 42. Bxa7 Qxa7+ 43. Ned4 Nxd4 44. Nxd4 Qb6 45. Kg3 Kf7 46. Be2 Nc5 47.
Bf1 Ke7 48. Be2 Kd7 49. Kg2 Ke8 50. Kf1 Ke7 51. Ke1 Kd7 52. Kf1 Nb3 53. Nc2 d4
54. Qe1 Qc6 55. Nb4 Qh1+ 56. Kf2 Qh4+ 57. Kf1 Qxf4+ 58. Qf2 Qc1+ 59. Qe1 Qf4+
60. Qf2 Qxf2+ 61. Kxf2 Bb7 62. Bd1 Nc5 63. Ke2 Ke7 64. Kd2 Nd7 65. Nc2 Nxe5 66.
Nxd4 Nf7 67. Bxa4 Nxg5 68. Bc6 Bxc6 69. Nxc6+ Kd6 70. Na5 f4 71. b4 Nf3+ 72.
Kc3 g5 73. Nc4+ Kc6 74. Na3 g4 75. Kc4 g3 76. b5+ 0-1

[Event "European Championship (rapid) 2015"]
[Site "Minsk BLR"]
[Date "2015.12.19"]
[Round "4"]
[White "Riazantsev, Alexander"]
[Black "Ladva, Ottomar"]
[Result "1-0"]
[WhiteElo "2646"]
[BlackElo "2401"]
[PlyCount "103"]
[EventDate "2015.12.19"]

1. Nf3 Nf6 2. e3 d5 3. c4 e6 4. b3 Be7 5. Bb2 O-O 6. Nc3 c5 7. cxd5 Nxd5 8. Qc2
Nc6 9. a3 b6 10. Nxd5 exd5 11. d4 Bf6 12. Bd3 g6 13. O-O Bg4 14. Ne5 Nxe5 15.
dxe5 Bg7 16. f4 f6 17. h3 Be6 18. f5 gxf5 19. Bxf5 Bxf5 20. Qxf5 fxe5 21. Qe6+
Kh8 22. Rxf8+ Qxf8 23. Qxd5 Rd8 24. Qb7 Qg8 25. Qc7 Re8 26. Qc6 Rd8 27. Qc7 Re8
28. Qc6 Rd8 29. Qb5 e4 30. Bxg7+ Qxg7 31. Rf1 Qc3 32. Qc6 Qxe3+ 33. Kh1 Qd4 34.
Qe6 e3 35. Re1 Rg8 36. Rxe3 Qb2 37. Re2 Qc1+ 38. Re1 Qb2 39. Re2 Qc1+ 40. Re1
Qb2 41. Qd5 Qd4 42. Qf3 Rd8 43. a4 a6 44. Qb7 Qf2 45. Rg1 c4 46. bxc4 a5 47.
Qc6 Rd2 48. Qe8+ Kg7 49. Qe5+ Kg8 50. Qg5+ Kh8 51. c5 bxc5 52. Rb1 1-0

[Event "European Championship (rapid) 2015"]
[Site "Minsk BLR"]
[Date "2015.12.19"]
[Round "5"]
[White "Mikhalevski, Victor"]
[Black "Riazantsev, Alexander"]
[Result "1-0"]
[WhiteElo "2535"]
[BlackElo "2646"]
[PlyCount "145"]
[EventDate "2015.12.19"]

1. c4 e6 2. g3 d5 3. d4 a6 4. Nf3 dxc4 5. Bg2 Nc6 6. O-O Rb8 7. e3 b5 8. Qe2
Nf6 9. Rd1 Be7 10. e4 O-O 11. Nc3 Nb4 12. Ne5 Nd7 13. Qg4 Nxe5 14. dxe5 Nd3 15.
Bh6 g6 16. Bxf8 Qxf8 17. Qe2 Nxe5 18. f4 Nd3 19. e5 Bc5+ 20. Kf1 Ba7 21. Bf3
Kg7 22. h4 Qb4 23. Rab1 Bd4 24. Ne4 Bb7 25. b3 Qa3 26. Ng5 Bxf3 27. Nxf3 Bb6
28. Ne1 Qc5 29. Nf3 h5 30. Kg2 Rd8 31. bxc4 bxc4 32. Rd2 Qc6 33. Rc2 a5 34. Kh2
Qd5 35. Nd2 c3 36. Ne4 Nb4 37. Rxc3 Nxa2 38. Rf3 Nb4 39. Rff1 Bd4 40. Rfd1 c5
41. Rbc1 Rc8 42. Rxd4 Qxd4 43. Rd1 Nd3 44. Rxd3 Qb4 45. Rd7 c4 46. Nd6 Rf8 47.
Rb7 Qc5 48. Nxc4 a4 49. Nd6 a3 50. Qa2 Kg8 51. Rb5 Qa7 52. Rb3 Ra8 53. Nb5 Qc5
54. Rxa3 Rb8 55. Nd6 Kg7 56. Ra7 Rf8 57. Rb7 Qc6 58. Qxe6 Qc2+ 59. Kh3 Qd1 60.
Rxf7+ Rxf7 61. Qxf7+ Kh6 62. Qf8+ Kh7 63. Qe7+ Kg8 64. Qd8+ Kh7 65. Qd7+ Kg8
66. Qc8+ Kh7 67. Qb7+ Kg8 68. Ne8 Qf1+ 69. Kh2 Qe2+ 70. Qg2 Qa6 71. Nf6+ Kh8
72. Qd2 Qb6 73. Qa2 1-0

[Event "European Championship (rapid) 2015"]
[Site "Minsk BLR"]
[Date "2015.12.19"]
[Round "6"]
[White "Riazantsev, Alexander"]
[Black "Efanov, Nikolai"]
[Result "1/2-1/2"]
[WhiteElo "2646"]
[BlackElo "2399"]
[PlyCount "159"]
[EventDate "2015.12.19"]

1. d4 d6 2. e4 Nf6 3. f3 e5 4. Ne2 Be7 5. Be3 Nh5 6. Qd2 h6 7. g4 Bh4+ 8. Kd1
Nf6 9. d5 Nh7 10. c4 Bg5 11. Nbc3 a5 12. Ng3 Bxe3 13. Qxe3 Qg5 14. Kd2 Na6 15.
h4 Qxe3+ 16. Kxe3 Nf8 17. Bd3 Ng6 18. Nge2 Bd7 19. h5 Nf8 20. Bc2 Nc5 21. b3
Nh7 22. a3 Ke7 23. b4 Na6 24. Rab1 axb4 25. axb4 Rhb8 26. Rb2 Nf6 27. Rhb1 c5
28. dxc6 bxc6 29. Ba4 Rb6 30. Nc1 Be6 31. c5 dxc5 32. bxc5 Rxb2 33. Rxb2 Nxc5
34. Bxc6 Ra3 35. Kd2 Nb3+ 36. Nxb3 Rxb3 37. Rc2 Kd6 38. Ba4 Rb4 39. Ke3 Ke7 40.
Rd2 Rc4 41. Rd3 Rc5 42. Ne2 Ra5 43. Nc3 Rc5 44. Nb5 Bd7 45. Rc3 Rxc3+ 46. Nxc3
Be6 47. Ne2 Bc4 48. Ng3 Be6 49. Bd1 Nd7 50. Be2 Kd6 51. Nf1 Kc5 52. Ba6 Nb6 53.
Ng3 Kd6 54. Ne2 Na4 55. Bb5 Nb6 56. Nc3 Kc5 57. Bf1 Kb4 58. Nd1 Kc5 59. Nf2 Kd6
60. Bb5 Kc5 61. Ba6 Kd6 62. Nd3 Nd7 63. Bc8 Nf8 64. Bxe6 Nxe6 65. Nb2 Nc5 66.
Nc4+ Ke6 67. Nd2 Nd7 68. Nf1 g6 69. Ng3 Nf6 70. Kd3 Kd6 71. Kc4 Kc6 72. Kb4 Kb6
73. Kc4 Kc6 74. Kd3 Kd7 75. Ke3 Ke6 76. Kf2 Kd6 77. Kg2 Ke6 78. Kh3 Nh7 79. Nf1
Kf6 80. Kh4 1/2-1/2

[Event "European Championship (rapid) 2015"]
[Site "Minsk BLR"]
[Date "2015.12.19"]
[Round "7"]
[White "Mirzoev, Emil"]
[Black "Riazantsev, Alexander"]
[Result "0-1"]
[WhiteElo "2424"]
[BlackElo "2646"]
[PlyCount "84"]
[EventDate "2015.12.19"]

1. d4 Nf6 2. c4 e6 3. Nc3 Bb4 4. e3 O-O 5. a3 Bxc3+ 6. bxc3 c5 7. Bd3 Nc6 8.
Ne2 b6 9. e4 Ne8 10. O-O Ba6 11. f4 f5 12. exf5 exf5 13. dxc5 bxc5 14. Ng3 g6
15. Be3 d6 16. Bxf5 gxf5 17. Qd5+ Rf7 18. Qxc6 Bb7 19. Qa4 h5 20. Rab1 Ng7 21.
Qd1 Qe8 22. Re1 Qc6 23. Qf3 Qxf3 24. gxf3 h4 25. Nf1 Bxf3 26. Kf2 Be4 27. Rbd1
Ne8 28. Nd2 Nf6 29. Rg1+ Kh7 30. Nf3 Bxf3 31. Kxf3 Ne4 32. h3 Rb8 33. Bf2 Rb3
34. Rd3 Rxa3 35. Bxh4 a5 36. Rb1 a4 37. Rb6 Ra7 38. Be1 Rb3 39. Rxb3 axb3 40.
Rd1 b2 41. Rb1 Ra1 42. Rxb2 Rxe1 0-1

[Event "European Championship (blitz) 2015"]
[Site "Minsk BLR"]
[Date "2015.12.18"]
[Round "1"]
[White "Chan, Naruna"]
[Black "Andriasian, Zaven"]
[Result "0-1"]
[WhiteElo "1939"]
[BlackElo "2594"]
[PlyCount "52"]
[EventDate "2015.12.18"]

1. e4 c5 2. c3 d6 3. d4 Nd7 4. Nf3 g6 5. Bc4 e6 6. O-O Bg7 7. Re1 Ne7 8. Bg5 h6
9. Be3 O-O 10. Nbd2 d5 11. Bb3 b6 12. exd5 Nxd5 13. Nf1 Bb7 14. Qd2 Nxe3 15.
Qxe3 cxd4 16. Nxd4 Nc5 17. Bc2 Qd5 18. Nf3 Rad8 19. Rad1 Qxa2 20. Rxd8 Rxd8 21.
Rb1 Ba6 22. N1d2 Bd3 23. Bxd3 Nxd3 24. Ne1 Nxe1 25. Rxe1 Qxb2 26. c4 Qxd2 0-1

[Event "European Championship (blitz) 2015"]
[Site "Minsk BLR"]
[Date "2015.12.18"]
[Round "2"]
[White "Andriasian, Zaven"]
[Black "Chan, Naruna"]
[Result "1-0"]
[WhiteElo "2594"]
[BlackElo "1939"]
[PlyCount "35"]
[EventDate "2015.12.18"]

1. e4 c5 2. Nc3 Nc6 3. Bb5 g6 4. Bxc6 bxc6 5. d3 Bg7 6. f4 d6 7. Nf3 Nf6 8. O-O
O-O 9. Qe1 Bg4 10. Qh4 Bxf3 11. Rxf3 c4 12. dxc4 Qd7 13. f5 Rad8 14. Bh6 Nh5
15. Bxg7 Nxg7 16. Raf1 e6 17. f6 Ne8 18. Qh6 1-0

[Event "European Championship (blitz) 2015"]
[Site "Minsk BLR"]
[Date "2015.12.18"]
[Round "3"]
[White "Andriasian, Zaven"]
[Black "Friesen, Viktor"]
[Result "1-0"]
[WhiteElo "2594"]
[BlackElo "2216"]
[PlyCount "37"]
[EventDate "2015.12.18"]

1. e4 c5 2. Nc3 Nc6 3. Bb5 e6 4. Bxc6 bxc6 5. d3 Qc7 6. Nge2 Nf6 7. O-O Rb8 8.
f4 d6 9. Qe1 Be7 10. Qg3 O-O 11. b3 a5 12. Bd2 Rd8 13. e5 Nd5 14. Ne4 a4 15. c4
Nb4 16. exd6 Bxd6 17. Nxd6 Qxd6 18. Bc3 g6 19. Be5 1-0

[Event "European Championship (blitz) 2015"]
[Site "Minsk BLR"]
[Date "2015.12.18"]
[Round "4"]
[White "Friesen, Viktor"]
[Black "Andriasian, Zaven"]
[Result "0-1"]
[WhiteElo "2216"]
[BlackElo "2594"]
[PlyCount "48"]
[EventDate "2015.12.18"]

1. Nf3 d5 2. g3 Nc6 3. d4 Bg4 4. Bg2 Qd7 5. Ne5 Nxe5 6. dxe5 e6 7. O-O Ne7 8.
c4 Rd8 9. Nc3 d4 10. Ne4 Nc6 11. h3 Bf5 12. Bg5 Be7 13. Bxe7 Qxe7 14. f4 O-O
15. Qb3 d3 16. exd3 Nd4 17. Qxb7 Nc2 18. Rac1 Ne3 19. Rfe1 Rxd3 20. Qxa7 Nxg2
21. Kxg2 h5 22. Re3 Rfd8 23. Rxd3 Bxe4+ 24. Rf3 Rd2+ 0-1

[Event "European Championship (blitz) 2015"]
[Site "Minsk BLR"]
[Date "2015.12.18"]
[Round "5"]
[White "Pershin, Denis"]
[Black "Andriasian, Zaven"]
[Result "0-1"]
[WhiteElo "2375"]
[BlackElo "2594"]
[PlyCount "81"]
[EventDate "2015.12.18"]

1. e4 d6 2. d4 Nf6 3. Nc3 g6 4. f4 Bg7 5. Nf3 c6 6. Bd3 O-O 7. O-O Bg4 8. Qe1
Bxf3 9. Rxf3 e5 10. dxe5 dxe5 11. f5 Nbd7 12. Be3 Ng4 13. Bc4 b5 14. Bb3 a5 15.
a3 Qe7 16. Qe2 Nc5 17. fxg6 hxg6 18. Rxf7 Rxf7 19. Bxf7+ Qxf7 20. Qxg4 Ne6 21.
Rf1 Qe8 22. Ne2 Rd8 23. Ng3 Nf4 24. Bxf4 exf4 25. Qxf4 Bxb2 26. Qg4 Bg7 27. h4
Rd6 28. h5 a4 29. Qg5 Qe5 30. Qg4 Qe6 31. Qg5 b4 32. h6 Bd4+ 33. Kh1 Kh7 34. e5
Bxe5 35. Ne4 Rd5 36. Qh4 Bb2 37. axb4 a3 38. c4 Rf5 39. Ng5+ Rxg5 40. Qxg5 a2
41. Qa5 0-1

[Event "European Championship (blitz) 2015"]
[Site "Minsk BLR"]
[Date "2015.12.18"]
[Round "6"]
[White "Andriasian, Zaven"]
[Black "Pershin, Denis"]
[Result "1-0"]
[WhiteElo "2594"]
[BlackElo "2375"]
[PlyCount "87"]
[EventDate "2015.12.18"]

1. e4 c5 2. Nc3 g6 3. d4 Bg7 4. dxc5 Qa5 5. Bd2 Qxc5 6. Nd5 e6 7. Bb4 Qc6 8.
Bb5 exd5 9. Bxc6 Nxc6 10. Ba3 dxe4 11. Ne2 Nge7 12. Nc3 f5 13. O-O Be5 14. Nd5
Kf7 15. f3 e3 16. Nxe7 Nxe7 17. f4 Bf6 18. Re1 Nc6 19. Qd5+ Kg7 20. c3 Re8 21.
Bc5 d6 22. Bxe3 Be6 23. Qb5 Re7 24. Bf2 Rae8 25. Rxe6 Rxe6 26. Qxb7+ Ne7 27.
Qxa7 Kg8 28. a4 Nd5 29. g3 Re2 30. Qb7 Ne3 31. Bxe3 R8xe3 32. a5 Re7 33. Qd5+
Kg7 34. a6 Ra7 35. Qb5 Rd2 36. Qb6 Re7 37. a7 Ree2 38. a8=Q d5 39. Qbb7+ Kh6
40. Qxd5 Rxb2 41. Qf8+ Bg7 42. Qfd8 Bxc3 43. Qh4+ Kg7 44. Ra7+ 1-0

[Event "European Championship (blitz) 2015"]
[Site "Minsk BLR"]
[Date "2015.12.18"]
[Round "7"]
[White "Andriasian, Zaven"]
[Black "Harutjunyan, Gevorg"]
[Result "1-0"]
[WhiteElo "2594"]
[BlackElo "2436"]
[PlyCount "63"]
[EventDate "2015.12.18"]

1. Nf3 Nf6 2. c4 c5 3. g3 Nc6 4. Bg2 g6 5. Nc3 Bg7 6. O-O O-O 7. d4 cxd4 8.
Nxd4 Qa5 9. Nb3 Qh5 10. c5 Rd8 11. e4 d6 12. Qxh5 Nxh5 13. cxd6 Rxd6 14. Be3
Be6 15. Nc5 Bc4 16. Rfc1 Ne5 17. Nxb7 Rd7 18. Nc5 Rd6 19. b3 Bd3 20. Nd5 e6 21.
Nb4 a5 22. Nbxd3 Nxd3 23. e5 Nxc1 24. Rxc1 Rdd8 25. Bxa8 Rxa8 26. g4 Bxe5 27.
gxh5 Kg7 28. h6+ Kg8 29. Nd7 Bb2 30. Rc2 Ba1 31. Nb6 Rd8 32. Rc8 1-0